LEADER 03760nam 22006972 450 001 9910450390903321 005 20160527125446.0 010 $a1-139-93047-8 010 $a1-107-12729-7 010 $a1-280-41714-5 010 $a0-511-79081-3 010 $a0-511-17760-7 010 $a1-139-14577-0 010 $a0-511-06579-5 010 $a0-511-05948-5 010 $a0-511-30509-5 010 $a0-511-06792-5 035 $a(CKB)1000000000017928 035 $a(EBL)217738 035 $a(OCoLC)808035961 035 $a(SSID)ssj0000267976 035 $a(PQKBManifestationID)11236587 035 $a(PQKBTitleCode)TC0000267976 035 $a(PQKBWorkID)10214511 035 $a(PQKB)10779754 035 $a(UkCbUP)CR9780511790812 035 $a(MiAaPQ)EBC217738 035 $a(PPN)189668474 035 $a(Au-PeEL)EBL217738 035 $a(CaPaEBR)ebr10069851 035 $a(CaONFJC)MIL41714 035 $a(EXLCZ)991000000000017928 100 $a20100611d2002|||| uy| 0 101 0 $aeng 135 $aur||||||||||| 181 $ctxt$2rdacontent 182 $cc$2rdamedia 183 $acr$2rdacarrier 200 10$aVisions of politics$hVolume 1$iRegarding method /$fQuentin Skinner$b[electronic resource] 210 1$aCambridge :$cCambridge University Press,$d2002. 215 $a1 online resource (xvi, 209 pages) $cdigital, PDF file(s) 225 0 $aVisions of politics ;$vv.1 300 $aTitle from publisher's bibliographic system (viewed on 05 Oct 2015). 311 $a0-521-58926-6 311 $a0-521-58105-2 320 $aIncludes bibliographical references and index. 327 $aCover; Half-title; Title; Copyright; Contents; General preface; Full Contents: Volumes 1-3; Acknowledgements; Conventions; 1 Introduction: Seeing things their way; 2 The practice of history and the cult of the fact; 3 Interpretation, rationality and truth; 4 Meaning and understanding in the history of ideas; 5 Motives, intentions and interpretation; 6 Interpretation and the understanding of speech acts; 7 'Social meaning' and the explanation of social action; 8 Moral principles and social change; 9 The idea of a cultural lexicon; 10 Retrospect: Studying rhetoric and conceptual change 327 $aBibliographyIndex 330 $aThe first of three volumes of essays by Quentin Skinner, one of the world's leading intellectual historians. This collection includes some of his most important philosophical and methodological statements written over the past four decades, each carefully revised for publication in this form. In a series of seminal essays Professor Skinner sets forth the intellectual principles that inform his work. Writing as a practising historian, he considers the theoretical difficulties inherent in the pursuit of knowledge and interpretation, and elucidates the methodology which finds its expression in his two successive volumes. All of Professor Skinner's work is characterised by philosophical power, limpid clarity, and elegance of exposition; these essays, many of which are now recognised classics, provide a fascinating and convenient digest of the development of his thought. Professor Skinner has been awarded the Balzan Prize Life Time Achievement Award for Political Thought, History and Theory. Full details of this award can be found at http://www.balzan.it/News_eng.aspx?ID=2474 606 $aPolitical science 606 $aPolitical science$xPhilosophy 615 0$aPolitical science. 615 0$aPolitical science$xPhilosophy. 676 $a320/.01 700 $aSkinner$b Quentin$0143422 801 0$bUkCbUP 801 1$bUkCbUP 906 $aBOOK 912 $a9910450390903321 996 $aVisions of politics$917607 997 $aUNINA LEADER 04975nam 2200577 450 001 9910797279303321 005 20230807215609.0 010 $a1-57387-703-4 035 $a(CKB)3710000000415147 035 $a(EBL)3433393 035 $a(SSID)ssj0001483895 035 $a(PQKBManifestationID)12550628 035 $a(PQKBTitleCode)TC0001483895 035 $a(PQKBWorkID)11430017 035 $a(PQKB)10221207 035 $a(MiAaPQ)EBC3433393 035 $a(Au-PeEL)EBL3433393 035 $a(CaPaEBR)ebr11056777 035 $a(CaONFJC)MIL801829 035 $a(OCoLC)911200984 035 $a(EXLCZ)993710000000415147 100 $a20151118h20152015 uy 0 101 0 $aeng 135 $aurcnu|||||||| 181 $ctxt 182 $cc 183 $acr 200 14$aThe cybrarian's web 2 $ean A-Z guide to free social media tools, apps, and other resources /$fCheryl Ann Peltier-Davis ; foreword by David Lee King 210 1$aMedford, New Jersey :$cInformation Today, Inc.,$d2015. 210 4$dİ2015 215 $a1 online resource (354 p.) 300 $aDescription based upon print version of record. 311 $a1-57387-512-0 320 $aIncludes bibliographical references and index. 327 $aAdobe : productivity and creativity tools -- Amazon CreateSpace : self-publishing platform -- Aurasma : augmented reality service -- BrandYourself : online reputation management service -- Camtasia : screen recording and video editing software -- Codecademy : online education platform (programming) -- Coursera : massive open online courses (MOOCs) platform -- Digital public library of America : digital library -- Diigo : social bookmarking service -- Dropbox : cloud storage/file hosting/sharing service -- Ebooks : ebook collections and services -- Ebook readers : ebook reading devices -- Evernote : note-taking software -- Flipboard : social news aggregator -- Google drive : cloud storage/file hosting/sharing service -- Google glass : augmented reality/wearable technology -- Google hangouts : video conferencing service -- GoToMeeting : video conferencing service -- Hootsuite : social media management service -- Infogr.am : infographics creator -- Instagram : photo and video sharing service -- Issuu : digital publishing service -- Jumpshare : cloud storage/file hosting/sharing service -- Kaywa : qr code scanner and generator -- Kickstarter : crowdfunding platform -- Learnist : digital learning board -- LiveBinders : social bookmarking service -- Makerspaces : DIY collaborative workspaces -- Mendeley : reference management and collaboration service -- Microsoft Office online : productivity tool -- Mobile apps for libraries : mobile applications -- Netvibes : social media management service -- OneDrive : cloud storage/file hosting/sharing service -- Paper.li : social news aggregator -- Pinterest : social bookmarking service -- Poll everywhere : audience response/polling service -- Popplet : visualization service -- Project Gutenberg self-publishing press : self-publishing platform -- Quick response (QR) codes : barcode scanning and generator software -- Readability : Web and mobile reading application -- Scoop.it : social news aggregator -- Scribd : digital library/self-publishing platform -- Smashwords : digital library/self-publishing platform -- Snapchat : photo and video sharing service -- Storify : social news aggregator -- Technology, entertainment, design (TED) : global conference/ideas sharing platform -- Text 2 mind map : visualization service -- TodaysMeet : microblogging service -- Tumblr : microblogging/social networking service -- Tweetdeck : social media management service -- Udutu : course management system -- Unglue.it : crowdfunding platform -- Vine : video sharing service -- Voki : avatar creation service -- Wattpad : social networking service -- Weebly : web hosting service -- WhatsApp : instant messaging service -- Wikispaces : wiki hosting service -- XPRIZE : philanthropic competition -- Yammer : social networking service -- Zinio : digital publishing service -- Appendix I. Tips and teaching tools for keeping up-to-date with emerging technologies and discovering new resources -- Appendix II. Social media tools, apps and other resources - annotated summaries -- Appendix III. Referenced websites -- Appendix IV. Tools by type of service -- Appendix V. Tools availability by mobile device. 606 $aWeb sites$vDirectories 606 $aFree computer software$xComputer network resources 606 $aLibraries and the Internet 615 0$aWeb sites 615 0$aFree computer software$xComputer network resources. 615 0$aLibraries and the Internet. 676 $a025.0422 700 $aPeltier-Davis$b Cheryl Ann$01572861 702 $aKing$b David Lee 801 0$bMiAaPQ 801 1$bMiAaPQ 801 2$bMiAaPQ 906 $aBOOK 912 $a9910797279303321 996 $aThe cybrarian's web 2$93848204 997 $aUNINA LEADER 00844nas 2200301-a 450 001 9910895312103321 005 20260218111812.0 035 $a(OCoLC)182518532 035 $a(CKB)1000000000428072 035 $a(CONSER)--2007211108 035 $a(DE-599)ZDB2253944-X 035 $a(DE-599)2253944-X 035 $a(EXLCZ)991000000000428072 100 $a20071126a19919999 --- - 101 0 $aeng 200 10$aAnnual report 210 $aWarszawa $cInstitute of Nuclear Chemistry and Technology 311 08$a1425-204X 606 $aTechnology$zPoland$vPeriodicals 606 $aNuclear chemistry$vPeriodicals 606 $aTechnology$vPeriodicals 615 0$aTechnology 615 0$aNuclear chemistry 615 0$aTechnology 906 $aJOURNAL 912 $a9910895312103321 996 $aAnnual report$9162222 997 $aUNINA